Pays sans les lettres de "MAROC" - Statistiques

Statistiques générales
  • Ce quiz a été pris 60 fois
    41 depuis la dernière actualisation
  • Le résultat moyen est 4 sur 12
Statistiques - réponses
Continents Pays % Correct
Afrique Tunisie
52%
Afrique Égypte
48%
Europe Suède
42%
Europe Suisse
42%
Afrique Libye
39%
Océanie Fidji
35%
Europe Belgique
29%
Asie Inde
26%
Amérique du Nord Belize
23%
Afrique Bénin
23%
Afrique Guinée
19%
Asie Philippines
19%
Aucun quiz correspondant
Distribution des résultats
% des personnes avec chaque résultat
Percentile par nombre de réponses
Votre historique - résultats
Vous n’avez pas pris ce quiz depuis la dernière actualisation